[Event "Karditsa"]
[Site "Karditsa"]
[Date "1996.??.??"]
[Round "1"]
[White "Kotronias, Vasilios"]
[Black "Atalik, Suat"]
[Result "1-0"]
[WhiteElo "2610"]
[BlackElo "2535"]

1.e4 c5 2.Nf3 d6 3.d4 cxd4 4.Nxd4 Nf6 5.Nc3 Nc6 6.Bg5 e6 7.Qd2 a6 8.O-O-O h6
9.Bf4 Bd7 10.Nxc6 Bxc6 11.f3 d5 12.Qe1 Bb4 13.a3 Ba5 14.Bd2 d4 15.Na2 Bxd2+
16.Rxd2 Qb6 17.Qf2 Rd8 18.e5 Nd7 19.Nb4 Nxe5 20.Qg3 Ng6 21.Bd3 O-O 22.Bxg6 fxg6
23.Qxg6 Rf6 24.Qg4 a5 25.Nd3 Rd5 26.Re1 Rg5 27.Qh3 Qb5 28.f4 Rh5 29.Qg3 Qd5
30.Kb1 Qd6 31.h3 Rhf5 32.Qf2 Bb5 33.g3 Bxd3 34.Rxd3 e5 35.Qd2 Qd5 36.Rd1 Qe6
37.Re1 Qd5 38.fxe5 Rxe5 39.Rd1 Qe6 40.g4 Re2 41.Qxa5 Qc4 42.R3d2 Rff2 43.Qd8+ Kh7
44.Qxd4 Qxd4 45.Rxd4 Rxc2 46.Rb4 Rc7 47.Rd3 Rf6 48.Rdb3 Rff7 49.Ka2 Kg6 50.Rb5 Rfe7
51.Rf3 Re6 52.Rf8 Kh7 53.Rb8 Ree7 54.a4 Kg6 55.Rd8 Re3 56.Rd6+ Kf7 57.Rdb6 Ree7
58.Ra5 Red7 59.Ra8 Ke7 60.Rb8 Kf7 61.Ka3 Re7 62.b3 Rcd7 63.h4 Rc7 64.g5 hxg5
65.hxg5 g6 66.Rh8 Kg7 67.Rh6 Rc5 68.Rbxg6+  1-0

[Event "IND-ch"]
[Site "Kasaragod"]
[Date "1996.??.??"]
[Round "1"]
[White "Prasad, Devaki V"]
[Black "Ramesh, RB."]
[Result "1/2-1/2"]
[WhiteElo "2445"]
[BlackElo "2415"]

1.e4 c5 2.Nf3 Nc6 3.d4 cxd4 4.Nxd4 Nf6 5.Nc3 d6 6.Bg5 e6 7.Qd2 a6 8.O-O-O h6
9.Be3 Bd7 10.f3 b5 11.Nxc6 Bxc6 12.Qf2 Qc7 13.Bb6 Qb7 14.Kb1 Rc8 15.Bd3 Be7
16.h4 e5 17.a3 O-O 18.g4 d5 19.g5 d4 20.gxf6 Bxf6 21.Ba5 dxc3 22.Bxc3 Rfe8
23.Rhg1  1/2-1/2

[Event "IND-ch"]
[Site "Kasaragod"]
[Date "1996.??.??"]
[Round "7"]
[White "Ravi, Thandalam Shanmugam"]
[Black "Ramesh, RB."]
[Result "1/2-1/2"]
[WhiteElo "2345"]
[BlackElo "2415"]

1.e4 c5 2.Nf3 Nc6 3.d4 cxd4 4.Nxd4 Nf6 5.Nc3 d6 6.Bg5 e6 7.Qd2 a6 8.O-O-O h6
9.Be3 Qc7 10.f3 Rb8 11.g4 Ne5 12.Kb1 b5 13.Bd3 b4 14.Nce2 d5 15.g5 hxg5 16.Bxg5 dxe4
17.Bxf6 gxf6 18.Bxe4 Bd7 19.Qf4 Ke7 20.h4 Bh6 21.Qh2 Rhc8 22.Nf4 Qc5 23.Rhe1 Bg7
24.Nh5 Bh8 25.Nb3 Qc7 26.Nf4 a5 27.Nd4 Qc5 28.Qd2 a4 29.Qe3  1/2-1/2

[Event "JUG-ch sf"]
[Site "Kladovo"]
[Date "1996.??.??"]
[Round "?"]
[White "Lekic, Dusan"]
[Black "Cabrilo, Goran"]
[Result "1-0"]
[WhiteElo "2420"]
[BlackElo "2490"]

1.e4 c5 2.Nf3 Nc6 3.d4 cxd4 4.Nxd4 Nf6 5.Nc3 d6 6.Bg5 e6 7.Qd2 h6 8.Bxf6 gxf6
9.O-O-O a6 10.Kb1 Bd7 11.f4 Qc7 12.g3 O-O-O 13.f5 Kb8 14.Bh3 Nxd4 15.Qxd4 Be7
16.Rc1 Qa5 17.Qc4 Qe5 18.Rhe1 Rc8 19.Qd3 Bd8 20.Ne2 Re8 21.Nd4 Bb6 22.Red1 Ka7
23.c3 Qa5 24.Rc2 e5 25.Nb3 Qa4 26.Nd2 Bb5 27.Qf3 d5 28.b3 dxe4 29.Nxe4 Qa3
30.Nd6 Bc6 31.Qg4 Rcd8 32.Nxe8 Be4 33.Rxd8 Bxc2+ 34.Kxc2 Bxd8 35.Qa4 Qc5
36.Qd7 Ba5 37.Qd2  1-0

[Event "Koszalin op"]
[Site "Koszalin"]
[Date "1996.??.??"]
[Round "5"]
[White "Sulskis, Sarunas"]
[Black "Sherbakov, Ruslan"]
[Result "1-0"]
[WhiteElo "2505"]
[BlackElo "2565"]

1.e4 c5 2.Nf3 Nc6 3.d4 cxd4 4.Nxd4 Nf6 5.Nc3 d6 6.Bg5 e6 7.Qd2 a6 8.O-O-O Bd7
9.f3 Qc7 10.Kb1 Be7 11.g4 h6 12.Be3 Ne5 13.h4 b5 14.Qg2 b4 15.Nce2 Nc4 16.Bc1 g6
17.g5 Nh5 18.Ng3 Nxg3 19.Qxg3 e5 20.h5 exd4 21.hxg6 fxg6 22.gxh6 Kf7 23.Rxd4 Be6
24.Qf4+ Ke8 25.Bxc4 Bxc4 26.e5 d5 27.b3 Bb5 28.Rxd5 Bc6 29.Rd6 Rc8 30.Qg4 Bxd6
31.exd6 Qd7 32.Qxg6+ Qf7 33.d7+ Bxd7 34.Re1+  1-0

[Event "Kuala Lumpur schev"]
[Site "Kuala Lumpur"]
[Date "1996.??.??"]
[Round "1"]
[White "Mas, Hafizulhelmi"]
[Black "Ravi, Lanka"]
[Result "1-0"]
[WhiteElo "2290"]
[BlackElo "2390"]

1.e4 c5 2.Nf3 Nc6 3.d4 cxd4 4.Nxd4 Nf6 5.Nc3 d6 6.Bg5 e6 7.Qd2 a6 8.O-O-O h6
9.Bf4 Bd7 10.Nxc6 Bxc6 11.Bxd6 Bxd6 12.Qxd6 Qxd6 13.Rxd6 Bxe4 14.Rd2 Bc6
15.f3 Ke7 16.Bd3 Rhd8 17.Rhd1 Rd6 18.Be2 Rad8 19.a4 Rxd2 20.Rxd2 Rxd2 21.Kxd2 a5
22.Bb5 Kd6 23.Bxc6 Kxc6 24.Kd3 Nd5 25.Nxd5 Kxd5 26.f4 f6 27.c3 e5 28.fxe5 fxe5
29.b3 h5 30.g3 b6 31.Ke3 e4 32.h3 Ke5 33.b4 Kd5 34.b5 Kc4 35.Kxe4 Kb3 36.Kd5 Kxa4
37.c4 Kb3 38.c5 a4 39.cxb6 a3 40.b7 a2 41.b8=Q a1=Q 42.Qe5 Qa8+ 43.Kc5 Qa7+
44.Kc6 Qa8+ 45.Kb6 Qd8+ 46.Qc7 Qf6+ 47.Kb7 Qf3+ 48.Ka7 h4 49.gxh4 Qxh3 50.Qe7 Qc3
51.Qe6+ Ka4 52.b6 Kb5 53.Qd5+ Ka4 54.b7  1-0

[Event "Kuala Lumpur tt"]
[Site "Kuala Lumpur"]
[Date "1996.??.??"]
[Round "1"]
[White "Pulkkinen, Kari"]
[Black "Ooi Chern Ee"]
[Result "1/2-1/2"]
[WhiteElo "2345"]
[BlackElo "2220"]

1.e4 c5 2.Nf3 d6 3.d4 cxd4 4.Nxd4 Nf6 5.Nc3 Nc6 6.Bg5 e6 7.Qd2 Be7 8.O-O-O O-O
9.f4 Nxd4 10.Qxd4 Qa5 11.Bc4 Bd7 12.e5 dxe5 13.fxe5 Bc6 14.Bd2 Nd7 15.Nd5 Qd8
16.Nxe7+ Qxe7 17.Rhe1 Rfd8 18.Qg4 Nf8 19.Kb1 Qc5 20.Bd3 Ng6 21.Bb4 Qf2 22.Re2 Qf4
23.Qxf4 Nxf4 24.Rf2 Nxd3 25.cxd3 Be4 26.Bd6 Bg6 27.Rc2 Rac8 28.Rc3 Rxc3 29.bxc3 f6
30.Kc2 fxe5 31.Bxe5 b5 32.Bd4 Rd6 33.Kb3 e5 34.Bxe5 Rxd3 35.Rxd3 Bxd3 36.Kb4 Kf7
37.a3 g5 38.Bd4 a6 39.Kc5  1/2-1/2

[Event "Kuala Lumpur schev"]
[Site "Kuala Lumpur"]
[Date "1996.??.??"]
[Round "10"]
[White "Mithrakanth, Poorna Sharma"]
[Black "Ooi Chern Ee"]
[Result "1/2-1/2"]
[WhiteElo "2360"]
[BlackElo "2220"]

1.e4 c5 2.Nf3 d6 3.d4 cxd4 4.Nxd4 Nf6 5.Nc3 Nc6 6.Bg5 e6 7.Qd2 Be7 8.O-O-O O-O
9.f4 Nxd4 10.Qxd4 Qa5 11.Bc4 Bd7 12.e5 dxe5 13.fxe5 Bc6 14.Bd2 Nd7 15.Nd5 Qd8
16.Nxe7+ Qxe7 17.Rhe1 Rfd8 18.Qg4 Nf8 19.Bd3 Rxd3 20.cxd3 Qd7 21.Bb4 Ng6
22.Bd6 f5 23.Qg5 Bd5 24.Kb1 Qa4 25.b3 Bxb3 26.axb3 Qxb3+ 27.Ka1 Qc3+ 28.Ka2 Qc2+
29.Ka1 Qc3+ 30.Kb1 Qb3+  1/2-1/2

[Event "Leon-B"]
[Site "Leon"]
[Date "1996.??.??"]
[Round "2"]
[White "De la Villa Garcia, Jesus Maria"]
[Black "Vera, Reynaldo"]
[Result "1/2-1/2"]
[WhiteElo "2525"]
[BlackElo "2495"]

1.e4 c5 2.Nf3 d6 3.d4 cxd4 4.Nxd4 Nf6 5.Nc3 Nc6 6.Bg5 e6 7.Qd2 Be7 8.O-O-O Nxd4
9.Qxd4 O-O 10.f3 Qa5 11.Bd2 Qc7 12.Nb5 Qd8 13.Bb4 d5 14.Bxe7 Qxe7 15.e5 Nd7
16.Nxa7 Nc5 17.Nxc8 Rfxc8 18.Kb1 Qc7 19.Bb5 Nd7 20.Ba4 Nxe5 21.Bb3 Nc6 22.Qe3 Na5
23.g3 Ra6 24.Rhe1 g6 25.Re2 Rb6 26.Rd3 Rc6 27.Rd1 Rc5 28.f4 Nxb3 29.Qxb3 Rc4  1/2-1/2

[Event "Leon University tt (Women)"]
[Site "Leon"]
[Date "1996.??.??"]
[Round "6"]
[White "Batceceg, Cagaan"]
[Black "Darchia, Diana"]
[Result "1-0"]
[WhiteElo "2195"]
[BlackElo "2105"]

1.e4 c5 2.Nf3 Nc6 3.d4 cxd4 4.Nxd4 Nf6 5.Nc3 d6 6.Bg5 e6 7.Qd2 a6 8.f3 Bd7
9.O-O-O Be7 10.h4 b5 11.Nxc6 Bxc6 12.Bd3 Rc8 13.Kb1 d5 14.e5 Nd7 15.Bxe7 Qxe7
16.f4 Nb6 17.f5 Nc4 18.Bxc4 dxc4 19.f6 gxf6 20.exf6 Qc7 21.Rhe1 Rd8 22.Qg5 b4
23.Qg7 Rxd1+ 24.Nxd1 Kd7 25.Qxh8 Qg3 26.Re2 Qd6 27.Nf2 b3 28.Qxh7  1-0

[Event "Leon-B"]
[Site "Leon"]
[Date "1996.??.??"]
[Round "6"]
[White "De la Villa Garcia, Jesus Maria"]
[Black "Garcia Ilundain, David"]
[Result "1/2-1/2"]
[WhiteElo "2525"]
[BlackElo "2550"]

1.e4 c5 2.Nf3 d6 3.d4 cxd4 4.Nxd4 Nf6 5.Nc3 Nc6 6.Bg5 e6 7.Qd2 Be7 8.O-O-O O-O
9.Nb3 Qb6 10.f3 Rd8 11.Be3 Qc7 12.Qf2 d5 13.exd5 Nxd5 14.Nxd5 Rxd5 15.Rxd5 exd5
16.g4 Bf6 17.Kb1 d4 18.Nxd4 Bxg4 19.fxg4 Bxd4 20.Bxd4 Nxd4 21.Bd3 Ne6 22.Rf1 a6  1/2-1/2

[Event "Leon-B"]
[Site "Leon"]
[Date "1996.??.??"]
[Round "8"]
[White "Strikovic, Aleksa"]
[Black "Vera, Reynaldo"]
[Result "1/2-1/2"]
[WhiteElo "2520"]
[BlackElo "2495"]

1.e4 c5 2.Nf3 Nc6 3.d4 cxd4 4.Nxd4 Nf6 5.Nc3 d6 6.Bg5 Bd7 7.Qd2 Rc8 8.O-O-O Nxd4
9.Qxd4 Qa5 10.Bd2 g6 11.Kb1 Bg7 12.Nd5 Qa4 13.Qxa4 Bxa4 14.Nxf6+  1/2-1/2

[Event "Leon University tt (Women)"]
[Site "Leon"]
[Date "1996.??.??"]
[Round "9"]
[White "Batceceg, Cagaan"]
[Black "Wang Lei"]
[Result "0-1"]
[WhiteElo "2195"]
[BlackElo "2340"]

1.e4 c5 2.Nf3 d6 3.d4 cxd4 4.Nxd4 Nf6 5.Nc3 Nc6 6.Bg5 e6 7.f3 a6 8.Qd2 h6
9.Be3 Be7 10.O-O-O Nxd4 11.Bxd4 e5 12.Be3 Be6 13.g4 Qa5 14.Kb1 Rc8 15.Nd5 Qxd2
16.Nxf6+ gxf6 17.Rxd2 h5 18.Rg1 hxg4 19.fxg4 Bc4 20.b3 Bxf1 21.Rxf1 Rh3 22.Bg1 Kd7
23.c4 Ke6 24.Bb6 Rch8 25.Rh1 Bf8 26.b4 R3h4 27.Rg2 Rh3 28.Rd2 Rg8 29.Rg2 Be7
30.Rd1 Rh4 31.Rdg1 Bf8 32.Bf2 Rh3 33.Bb6 Bh6 34.Rd1 Rc8 35.Rc2 Rc6 36.Ba7 Rh4
37.Rg1 b5 38.c5 Be3 39.Rd1 dxc5 40.Bxc5 Bxc5 41.Rxc5 Rd6 42.Rxd6+ Kxd6 43.Rd5+ Ke7
44.Rc5 Rxg4 45.Rc7+ Kf8 46.Rc6 Rxe4 47.a3 f5 48.Rxa6 f4 49.Kc2 Ke7  0-1

[Event "Anibal op 3rd"]
[Site "Linares"]
[Date "1996.??.??"]
[Round "?"]
[White "Volzhin, Alexander"]
[Black "Hernandez, Gilberto"]
[Result "1/2-1/2"]
[WhiteElo "2485"]
[BlackElo "2555"]

1.e4 c5 2.Nf3 d6 3.d4 cxd4 4.Nxd4 Nf6 5.Nc3 Nc6 6.Bg5 e6 7.Qd2 a6 8.O-O-O h6
9.Be3 Be7 10.f3 Nxd4 11.Bxd4 b5 12.Kb1 Rb8 13.h4 b4 14.Ne2 e5 15.Ba7 Rb7
16.Bf2 Be6 17.Nc1 a5 18.Ba6 Rb8 19.Ba7 Ra8 20.Bb5+ Nd7 21.Be3 Qc7 22.g4 Rb8
23.Ba4 O-O 24.g5 h5 25.Bb3 Nb6 26.Bxb6 Rxb6 27.f4 Bxb3 28.cxb3 d5 29.Nd3 dxe4
30.Nxe5 Bd6 31.Rc1 Qe7 32.Qd4 Bxe5 33.Qxb6 Bxf4 34.Rc4 Bd2 35.Qd4 e3 36.Qe4 Qd7  1/2-1/2

[Event "SWE-ch"]
[Site "Linkoping"]
[Date "1996.??.??"]
[Round "2"]
[White "Hermansson, Emil"]
[Black "Degerman, Lars"]
[Result "0-1"]
[WhiteElo "2240"]
[BlackElo "2500"]

1.e4 c5 2.Nf3 Nc6 3.d4 cxd4 4.Nxd4 Nf6 5.Nc3 d6 6.Bg5 e6 7.Qd2 a6 8.O-O-O h6
9.Be3 Be7 10.f4 Nxd4 11.Bxd4 b5 12.Bd3 b4 13.Ne2 e5 14.Bf2 Rb8 15.Kb1 O-O
16.h3 Qa5 17.g4 d5 18.Ng3 dxe4 19.Bxe4 Nxe4 20.Nxe4 Bb7 21.Qe3 exf4 22.Qxf4 Bg5
23.Qf3 b3 24.axb3 f5 25.gxf5 Rxf5 26.Qg3 Rbf8 27.Nxg5 Rxg5 28.Qe3 Bxh1 29.Rxh1 Rgf5
30.Qe6+ Kh8 31.Be1 Rf1 32.Rxf1 Rxf1 33.c3 Qf5+ 34.Qxf5 Rxf5 35.Kc2 g5 36.h4 g4
37.Kd2 Kg7 38.b4 Kf6 39.Ke3 Ke5 40.Bg3+ Kd5 41.Bf4 h5 42.b3 Rf7 43.c4+ Ke6
44.Ke4 Rb7 45.Bd2 Rd7 46.Be3 Rd1 47.b5 axb5 48.cxb5 Rb1 49.b6 Rxb3 50.Kf4 Rxe3
51.Kxe3 Kd6  0-1

[Event "SWE-ch"]
[Site "Linkoping"]
[Date "1996.??.??"]
[Round "4"]
[White "Jepson, Christian"]
[Black "Degerman, Lars"]
[Result "1-0"]
[WhiteElo "2380"]
[BlackElo "2500"]

1.e4 c5 2.Nf3 Nc6 3.d4 cxd4 4.Nxd4 Nf6 5.Nc3 d6 6.Bg5 e6 7.Qd2 a6 8.O-O-O h6
9.Be3 Be7 10.f4 Nxd4 11.Bxd4 b5 12.Qe3 Qc7 13.e5 dxe5 14.fxe5 Nd7 15.Ne4 Bb7
16.Nd6+ Qxd6 17.exd6 Bg5 18.Qxg5 hxg5 19.Bxg7 Rh4 20.Bd4 Rc8 21.Rd2 Bd5 22.Bf2 Ra4
23.h4 Nf6 24.Rd4 Ne4 25.Rxa4 Nxf2 26.Rxa6 Nxh1 27.Bxb5+ Kf8 28.hxg5 Ng3 29.g6 Bxg2
30.Ra7 Rd8 31.Rxf7+ Kg8 32.d7 Nf5 33.c4 Bf1 34.a4 Bd3 35.c5  1-0

[Event "SWE-ch"]
[Site "Linkoping"]
[Date "1996.??.??"]
[Round "6"]
[White "Hall, Jesper"]
[Black "Degerman, Lars"]
[Result "1-0"]
[WhiteElo "2425"]
[BlackElo "2500"]

1.e4 c5 2.Nf3 Nc6 3.d4 cxd4 4.Nxd4 Nf6 5.Nc3 d6 6.Bg5 e6 7.Qd2 a6 8.O-O-O h6
9.Be3 Qc7 10.f4 Bd7 11.h3 b5 12.Bxb5 axb5 13.Ndxb5 Qb8 14.Nxd6+ Bxd6 15.Qxd6 Qxd6
16.Rxd6 Na5 17.Rd4 Rc8 18.Bd2 e5 19.fxe5 Nc6 20.Rc4 Nxe5 21.Rxc8+ Bxc8 22.Bf4 Ng6
23.Bh2 Bb7 24.Re1 O-O 25.a4 Re8 26.b4 Nxe4 27.a5 f5 28.b5 Nh4 29.a6 Bc8 30.Nd5 Re6
31.Nc7 Nxg2 32.Rd1 Re7 33.Rd8+ Kh7 34.Rxc8 Nc3 35.a7 Re1+ 36.Kb2 Na4+ 37.Ka3 Ne3
38.a8=Q Nc3 39.Kb2  1-0

[Event "SWE-ch"]
[Site "Linkoping"]
[Date "1996.??.??"]
[Round "13"]
[White "Moberg, Karl Johan"]
[Black "Degerman, Lars"]
[Result "1/2-1/2"]
[WhiteElo "2405"]
[BlackElo "2500"]

1.e4 c5 2.Nf3 Nc6 3.d4 cxd4 4.Nxd4 Nf6 5.Nc3 d6 6.Bg5 e6 7.Qd2 a6 8.O-O-O h6
9.Be3 Be7 10.f3 Nxd4 11.Bxd4 b5 12.Kb1 Rb8 13.Bxf6 gxf6  1/2-1/2

[Event "Lippstadt"]
[Site "Lippstadt"]
[Date "1996.??.??"]
[Round "7"]
[White "Luther, Thomas"]
[Black "Brenke, Andreas"]
[Result "1-0"]
[WhiteElo "2495"]
[BlackElo "2275"]

1.e4 c5 2.Nf3 Nc6 3.d4 cxd4 4.Nxd4 Nf6 5.Nc3 d6 6.Bg5 e6 7.Qd2 a6 8.O-O-O h6
9.Be3 Be7 10.f4 Nxd4 11.Bxd4 b5 12.Kb1 Bb7 13.Bd3 O-O 14.e5 dxe5 15.fxe5 Nd7
16.Ne4 Bxe4 17.Bxe4 Rc8 18.c3 Qc7 19.Qe2 Rfd8 20.Rdf1 Nc5 21.Bc2 Bf8 22.Bxc5 Qxc5
23.Qe4 g6  1-0

[Event "Mladi op"]
[Site "Litomysl"]
[Date "1996.??.??"]
[Round "3"]
[White "Chytilek, Roman"]
[Black "Cvek, Robert"]
[Result "1-0"]
[WhiteElo "2320"]
[BlackElo "2265"]

1.e4 c5 2.Nf3 Nc6 3.d4 cxd4 4.Nxd4 Nf6 5.Nc3 d6 6.Bg5 e6 7.Qd2 a6 8.O-O-O h6
9.Be3 Be7 10.f4 Bd7 11.Qe1 b5 12.e5 Ng4 13.Nxc6 Bxc6 14.Bg1 h5 15.Ne4 Bxe4
16.Qxe4 d5 17.Qf3 g6 18.h3 Nh6 19.g4 h4 20.Bd3 Qc7 21.Kb1 O-O-O 22.Bd4 Kb8
23.Qf2 Rc8 24.a4 Qa5 25.axb5 axb5 26.c3 Kb7 27.b4 Qa4 28.Qa2 Qxa2+ 29.Kxa2 Kc6
30.Kb3 Ra8 31.Ra1 Rhc8 32.Ba7 Bd8 33.Ra6+ Kb7 34.Rha1 Rc6 35.R6a3  1-0

[Event "Ljubljana op"]
[Site "Ljubljana"]
[Date "1996.??.??"]
[Round "7"]
[White "Jukic, Branimir"]
[Black "Skok, Boris"]
[Result "1-0"]
[WhiteElo "2390"]
[BlackElo "2155"]

1.e4 c5 2.Nf3 d6 3.d4 cxd4 4.Nxd4 Nf6 5.Nc3 Nc6 6.Bg5 e6 7.Bb5 Bd7 8.Bxc6 bxc6
9.Qf3 Qb6 10.O-O-O Be7 11.e5 dxe5 12.Nb3 Rb8 13.Bxf6 gxf6 14.Ne4 f5 15.Nd6+ Bxd6
16.Rxd6 Ke7 17.Rhd1 Be8 18.Qg3 e4 19.Qg7 Rf8 20.Rxe6+ Kxe6 21.Qh6+ f6 22.Qxf8 Bh5
23.Nc5+  1-0

[Event "Manresa op"]
[Site "Manresa"]
[Date "1996.??.??"]
[Round "3"]
[White "Rodriguez, A."]
[Black "Asensio Linan, Teodoro"]
[Result "1-0"]
[WhiteElo "2510"]
[BlackElo "2195"]

1.e4 c5 2.Nf3 d6 3.d4 cxd4 4.Nxd4 Nf6 5.Nc3 Nc6 6.Bg5 e6 7.Qd2 a6 8.O-O-O h6
9.Be3 Be7 10.f3 Nxd4 11.Qxd4 Qc7 12.g4 b5 13.h4 Bb7 14.Rg1 e5 15.Qd2 d5 16.Nxd5 Nxd5
17.exd5 O-O-O 18.Qf2 Rxd5 19.Bd3 Bc5 20.Be4 Bxe3+ 21.Qxe3 Rdd8 22.b3 f6 23.Kb2 Rxd1
24.Rxd1 Rd8 25.Rxd8+ Qxd8 26.Qc5+ Kb8 27.Kc3 Qa5+ 28.Kd3 Qd8+ 29.Ke3 Qd1
30.Qf8+ Ka7 31.Bxb7 Qe1+ 32.Kd3 Qd1+ 33.Ke4 Qxc2+ 34.Kd5 Qd3+ 35.Ke6 Kxb7
36.Qxg7+ Kc6 37.Qxf6 Qd5+ 38.Kf5+ Kb7 39.Kg6 Qd1 40.Qxe5 Qxf3 41.Qg7+  1-0

[Event "Manresa op"]
[Site "Manresa"]
[Date "1996.??.??"]
[Round "5"]
[White "Magem Badals, Jorge"]
[Black "Campos, Jose Felix"]
[Result "1-0"]
[WhiteElo "2570"]
[BlackElo "2485"]

1.e4 c5 2.Nf3 Nc6 3.d4 cxd4 4.Nxd4 Nf6 5.Nc3 d6 6.Bg5 e6 7.Qd2 a6 8.O-O-O Bd7
9.f3 Rc8 10.Kb1 Be7 11.h4 O-O 12.g4 b5 13.Be3 Nxd4 14.Qxd4 Bc6 15.g5 Nd7
16.h5 Bxg5 17.Bxg5 Qxg5 18.h6 Ne5 19.hxg7 Qxg7 20.Be2 Rfd8 21.a3 Rb8 22.Rh5 Ng6
23.Qe3 b4 24.axb4 Rxb4 25.Bxa6 Rdb8 26.b3 Ba4 27.Rxd6 Bxb3 28.cxb3 Rxb3+
29.Kc2 Rb2+ 30.Kc1 Nf4 31.Rb5 R2xb5 32.Bxb5 Qe5 33.Rc6 Kg7 34.Rc5 Qf6 35.Kc2 Qh6
36.Qd4+ Kg6 37.Qg1+ Kf6 38.e5+ Ke7 39.Rc7+ Kf8 40.Rxf7+ Kxf7 41.Qa7+ Kg6
42.Qxb8  1-0

[Event "Manresa op"]
[Site "Manresa"]
[Date "1996.??.??"]
[Round "5"]
[White "Rodriguez, A."]
[Black "Delchev, Aleksander"]
[Result "1/2-1/2"]
[WhiteElo "2510"]
[BlackElo "2510"]

1.e4 c5 2.Nf3 d6 3.d4 cxd4 4.Nxd4 Nf6 5.Nc3 Nc6 6.Bg5 e6 7.Qd2 a6 8.O-O-O h6
9.Be3 Bd7 10.f3 b5 11.Nxc6 Bxc6 12.Kb1 Qc7 13.Bd3 Be7 14.Qf2 Nd7 15.h4 Ne5
16.Bb6 Qb7 17.Bd4 Bf6 18.g4 O-O-O 19.a3 Kb8 20.Be2 g5 21.h5 Ka8 22.Rd2 Rb8
23.Na2 a5 24.Rhd1 Rhd8 25.b3 Qc7 26.Qe3 Be7 27.Nc1 Rdc8 28.Bb2 Be8 29.Bf1 Qc5
30.Qe2  1/2-1/2

[Event "Manresa op"]
[Site "Manresa"]
[Date "1996.??.??"]
[Round "6"]
[White "Rodriguez, A."]
[Black "Magem Badals, Jorge"]
[Result "1/2-1/2"]
[WhiteElo "2510"]
[BlackElo "2570"]

1.e4 c5 2.Nf3 Nc6 3.d4 cxd4 4.Nxd4 Nf6 5.Nc3 d6 6.Bg5 e6 7.Qd2 a6 8.O-O-O Nxd4
9.Qxd4 Be7 10.f3 b5 11.h4 Qa5 12.Kb1 b4 13.Ne2 e5 14.Qd2 Be6 15.Nc1 O-O 16.Nb3 Qa4
17.g4 Rfd8 18.Bh3 a5 19.Bxf6 Bxf6 20.g5 Be7 21.Bxe6 fxe6 22.Qg2 Qc6 23.Qg4 d5
24.exd5 Rxd5 25.Nc1 a4 26.Rxd5 Qxd5 27.Nd3 b3 28.Qe4 bxc2+ 29.Kxc2 Bd6 30.Re1 Rc8+
31.Kb1 Rc4 32.Qxd5 exd5 33.Nxe5 Rxh4 34.g6 hxg6 35.Nxg6 Rh3 36.Ne7+ Bxe7
37.Rxe7 Rxf3 38.Rd7 Rf5 39.Ra7 Rf4 40.Kc2 Kh7 41.Ra5 g5 42.Rxd5 Kg6 43.Kd3  1/2-1/2

[Event "Manresa op"]
[Site "Manresa"]
[Date "1996.??.??"]
[Round "7"]
[White "Magem Badals, Jorge"]
[Black "Delchev, Aleksander"]
[Result "1/2-1/2"]
[WhiteElo "2570"]
[BlackElo "2510"]

1.e4 c5 2.Nf3 d6 3.d4 cxd4 4.Nxd4 Nf6 5.Nc3 Nc6 6.Bg5 e6 7.Qd2 a6 8.O-O-O h6
9.Be3 Bd7 10.f3 b5 11.Kb1 Ne5 12.Bd3 Qc7 13.Qf2 b4 14.Nce2 d5 15.Bf4 Nxd3
16.cxd3 e5 17.Rc1 Qb8 18.Bg3 Bd6 19.Nc6 Bxc6 20.Rxc6 O-O 21.Qb6 Qxb6 22.Rxb6 Rfd8
23.Rc1 dxe4 24.dxe4 Bf8 25.Rbc6 Nd7 26.Bh4 Re8 27.Bf2 Be7 28.Rd1 Nf8 29.Rd5 Ng6
30.g3 Bf8 31.Rc4 Re6 32.Nc1 Rf6 33.Rd3 Be7 34.Nb3 Nf8 35.Nd2 a5 36.Kc2 h5
37.Rd5 Re6 38.h4 g6 39.Kd1 f6 40.Rc2 Kf7 41.Rc7 Ke8 42.Nc4 Rea6 43.Rb7 Ne6
44.Bb6 a4 45.Rdd7 Bc5 46.Nd6+ Bxd6 47.Rxd6 Nd8 48.Rh7 Rb8 49.Rxd8+ Rxd8+
50.Bxd8 Kxd8 51.Rb7 Rd6+ 52.Ke2 Rd4 53.b3 a3 54.Rb6 Ke7 55.Rb7+ Ke6 56.Rb6+ Ke7
57.Rb7+  1/2-1/2

[Event "Maribor"]
[Site "Maribor"]
[Date "1996.??.??"]
[Round "?"]
[White "Sax, Gyula"]
[Black "Grosar, Aljosa"]
[Result "1-0"]
[WhiteElo "2560"]
[BlackElo "2470"]

1.e4 c5 2.Nf3 d6 3.d4 cxd4 4.Nxd4 Nf6 5.Nc3 Nc6 6.Bg5 e6 7.Qd2 a6 8.O-O-O Bd7
9.f4 b5 10.Bxf6 gxf6 11.Kb1 Qb6 12.Nce2 h5 13.f5 Nxd4 14.Nxd4 e5 15.Ne2 b4
16.Nc1 Bc6 17.Qe1 Rc8 18.Bc4 a5 19.Qe2 a4 20.Rd3 Qc5 21.b3 axb3 22.cxb3 Bh6
23.Rhd1 Ke7 24.Qxh5 Rh7 25.Qe2 Rc7 26.g3 Rh8 27.h4 Rd7 28.Re1 Ra8 29.Rdd1 Kd8
30.Nd3 Qa5 31.Qb2 Rda7 32.Re2 Ke7 33.Qc2 Qb6 34.Nc1 Be3 35.Qd3 Bd4 36.Rc2 Qb7
37.Re1 Ra5 38.Ree2 Rc5 39.g4 Rc8 40.g5 Rh8 41.gxf6+ Kxf6 42.Qg3 Ke7 43.Qg7 Rf8
44.f6+ Ke8 45.Qg4 Bd7 46.Qf3 Bc6 47.Nd3 Ra5 48.h5 Rg8 49.Rg2 Rf8 50.Rg4 Ra8
51.h6 Bc3 52.h7 Kd7 53.Bd5  1-0

[Event "Marijampole op"]
[Site "Marijampole"]
[Date "1996.??.??"]
[Round "3"]
[White "Ciuksyte, Zivile"]
[Black "Zavoronkov, Vladimir"]
[Result "0-1"]
[WhiteElo "2020"]
[BlackElo "2240"]

1.e4 c5 2.Nf3 d6 3.d4 cxd4 4.Nxd4 Nf6 5.Nc3 Nc6 6.Bg5 e6 7.Qd2 a6 8.O-O-O h6
9.Bf4 Bd7 10.Nxc6 Bxc6 11.f3 d5 12.e5 Nd7 13.Bg3 Rc8 14.Ne2 Qc7 15.f4 Ba4
16.Nd4 Bc5 17.Qc3 b5 18.Kb1 b4 19.Qd3 Bxd4 20.b3 Bc3 21.bxa4 Nc5 22.Qf3 Qa5
23.f5 Qxa4 24.fxe6 Nxe6 25.Qe3 d4 26.Qc1 Rc5 27.h4 O-O 28.Be1 Rb8  0-1

[Event "Mataruska Banja"]
[Site "Mataruska Banja"]
[Date "1996.??.??"]
[Round "2"]
[White "Pikula, Dejan"]
[Black "Cosma, Ioan"]
[Result "1-0"]
[WhiteElo "2455"]
[BlackElo "2420"]

1.e4 c5 2.Nf3 Nc6 3.d4 cxd4 4.Nxd4 Nf6 5.Nc3 d6 6.Bg5 e6 7.Qd2 Be7 8.O-O-O Nxd4
9.Qxd4 O-O 10.e5 dxe5 11.Qxe5 Bd7 12.Qg3 Rc8 13.Bd3 Qc7 14.Qh4 h6 15.Ne4 Nxe4
16.Bxe7 Nc5 17.c3 Rfe8 18.Bc2 b6 19.Bd6 Qb7 20.Qg3 Ba4 21.b3 Bc6 22.f3 f5
23.Bf4 Kh7 24.Qh3 Kg8 25.Rhe1 Qf7 26.Qg3 Kh8 27.Be5 Nd7 28.Bd4 a5 29.Qd6 a4  1-0

[Event "Mataruska Banja"]
[Site "Mataruska Banja"]
[Date "1996.??.??"]
[Round "5"]
[White "Solak, Dragan"]
[Black "Damljanovic, Branko"]
[Result "1-0"]
[WhiteElo "2365"]
[BlackElo "2510"]

1.e4 c5 2.Nf3 Nc6 3.d4 cxd4 4.Nxd4 Nf6 5.Nc3 d6 6.Bg5 e6 7.Qd2 a6 8.O-O-O Bd7
9.f4 b5 10.Bxf6 gxf6 11.Kb1 Qb6 12.Nf3 Be7 13.f5 h5 14.g3 b4 15.Na4 Qb7 16.fxe6 fxe6
17.b3 Rd8 18.Nb2 Ne5 19.Nd4 Bc8 20.Bh3 Ng4 21.Nd3 e5 22.Nf5 d5 23.Nxe7 dxe4
24.Nxc8 exd3 25.cxd3 Rxc8 26.Rhf1 Qb6 27.d4 Rd8 28.Qc2 Ke7 29.Bxg4 hxg4 30.dxe5 Rxd1+
31.Qxd1 fxe5 32.Qxg4 Qh6  1-0

[Event "Wch U20 Girls"]
[Site "Medellin"]
[Date "1996.??.??"]
[Round "2"]
[White "Grabics, Monika"]
[Black "Peptan, Corina"]
[Result "0-1"]
[WhiteElo "2235"]
[BlackElo "2395"]

1.e4 c5 2.Nf3 Nc6 3.d4 cxd4 4.Nxd4 Nf6 5.Nc3 d6 6.Bg5 e6 7.Qd3 a6 8.O-O-O h6
9.Bh4 Bd7 10.Be2 Be7 11.f4 Rc8 12.Bf3 O-O 13.Kb1 b5 14.Bxf6 Bxf6 15.Nxc6 Bxc6
16.Qxd6 Qa5 17.Qd3 b4 18.Ne2 Ba4 19.Rc1 Bb5 20.Qe3 Bc4 21.b3 Bxe2 22.Bxe2 Bc3
23.Rcd1 Rc5 24.a4 bxa3 25.Ka2 Rfc8 26.Bd3 e5 27.f5 R5c6 28.Rhf1 Qc7 29.Qg3 Bd4
30.c4 Qb6 31.f6 Rxf6 32.Rxf6 Qxf6 33.b4 Rc6 34.Kxa3 Qe7 35.Rb1 a5 36.Ka4 axb4
37.Rxb4 Qa7+ 38.Kb3 Ra6 39.Kc2 Ra1 40.Rb1 Qa2+ 41.Kc1 Rxb1+ 42.Bxb1 Qe2  0-1

[Event "Wch U20"]
[Site "Medellin"]
[Date "1996.??.??"]
[Round "6"]
[White "Kalod, Radek"]
[Black "Goloshchapov, Alexander"]
[Result "1/2-1/2"]
[WhiteElo "2380"]
[BlackElo "2455"]

1.e4 c5 2.Nf3 Nc6 3.d4 cxd4 4.Nxd4 Nf6 5.Nc3 d6 6.Bg5 e6 7.Qd2 a6 8.O-O-O h6
9.Be3 Be7 10.f4 Nxd4 11.Bxd4 b5 12.Bd3 b4 13.Na4 e5 14.Bb6 Qd7 15.Qxb4 Rb8
16.Qc4 Qb7 17.b3 Bd7 18.Ba5 Bc6 19.fxe5 dxe5 20.Nc5 Qa7 21.Ne6 Rc8 22.Nxg7+ Kf8
23.Nf5 Bb7 24.Qa4 Bc6 25.Qc4 Bb7 26.Qa4 Bc6  1/2-1/2

[Event "Meisdorf op"]
[Site "Meisdorf"]
[Date "1996.??.??"]
[Round "?"]
[White "Lutz, Christopher"]
[Black "Gross, Dav"]
[Result "1-0"]
[WhiteElo "2555"]
[BlackElo "2300"]

1.e4 c5 2.Nf3 d6 3.d4 cxd4 4.Nxd4 Nf6 5.Nc3 Nc6 6.Bg5 e6 7.Qd2 a6 8.O-O-O h6
9.Be3 Be7 10.f4 Nxd4 11.Bxd4 b5 12.Qe3 Qc7 13.Bd3 Bb7 14.Kb1 b4 15.Ne2 O-O
16.Ng3 a5 17.Bxf6 Bxf6 18.Nh5 Bd8 19.Qg3 f6 20.f5 e5 21.Bc4+ Kh8 22.Bd5 Ra6
23.h4 Bxd5 24.exd5 a4 25.Qd3 Ra5 26.g4 Rc5 27.g5 fxg5 28.f6 Bxf6 29.Nxf6 Rxf6
30.hxg5 Rf4 31.Qg6 Qf7 32.Qxd6 Rxc2 33.gxh6  1-0

[Event "Melbourne Masters"]
[Site "Melbourne"]
[Date "1996.??.??"]
[Round "4"]
[White "Rutherford, Simon"]
[Black "Smith, Robert W"]
[Result "1/2-1/2"]
[WhiteElo "2300"]
[BlackElo "2275"]

1.e4 c5 2.Nf3 d6 3.d4 cxd4 4.Nxd4 Nf6 5.Nc3 Nc6 6.Bg5 e6 7.Qd2 Be7 8.O-O-O O-O
9.f4 Nxd4 10.Qxd4 Qa5 11.Kb1 a6 12.Bc4 b5 13.Bb3 Rd8 14.e5 dxe5 15.Qxe5 Ra7
16.a4 Rxd1+ 17.Rxd1 Rd7 18.axb5 Rxd1+ 19.Nxd1 axb5 20.Nc3 Bd7 21.Bc4 h6 22.Bxf6 Bxf6
23.Qb8+ Kh7 24.Bd3+ g6 25.Qf8 Bxc3 26.bxc3 Qxc3 27.Qxf7+ Kh8 28.Qf8+ Kh7
29.Qd6 Qg7 30.h4 h5 31.Qc5 Kg8 32.Bxb5 Bxb5 33.Qxb5 Qd4 34.Qe8+ Kg7 35.Qxe6 Qxf4
36.Qe7+ Kg8 37.Qd8+ Kg7 38.Qd7+ Kh6 39.Qe7 Qf1+ 40.Kb2 Qxg2 41.Kb3 Qf3+ 42.Kb4 Qf4+
43.c4 g5 44.Qxg5+  1/2-1/2